000 00688nam a2200289Ia 4500
005 20260324134005.0
008 008 260324s9999 xx 000 0 eng d
020 _a9781849772761
037 _aEBOOK
040 _aCRL
040 _beng
040 _cCRL
041 _2eng
041 _aeng
084 _qCRL
100 _aBarry Dalal-Clayton; Stephen Bass
_91195159
245 0 _aSustainable Development Strategies
245 2 _bA Resource Book
260 _bTaylor and Francis
260 _c2002
365 _a
365 _b315
856 _uhttp://www.taylorfrancis.com/books/9781849772761
942 _cEBOOK
999 _c1794767
_d1794767